| 000 | 00800nam a2200253 i 4500 | ||
|---|---|---|---|
| 001 | 172693 | ||
| 003 | ES-MaACL | ||
| 005 | 20250730063150.0 | ||
| 007 | t| | ||
| 008 | 090825s1994 fr ||||1| fre d | ||
| 020 | _a2-13-046049-6 | ||
| 080 | _a821.134.1.09 | ||
| 100 |
_aBonells, Jordi, _d1951- _9239346 |
||
| 245 | 1 | 0 |
_aHistoire de la littérature catalane / _cJordi Bonells. |
| 250 | _a1re éd. | ||
| 260 |
_aParis : _bPresses Universitaires de France, _c1994. |
||
| 300 |
_a128 p. ; _c18 cm. |
||
| 490 | 1 |
_aQue sais-je ? ; _v2833 |
|
| 500 | _aÍndice. | ||
| 650 | 4 |
_aLiteratura catalana- _xHistoria y crítica. _914515 |
|
| 830 | 0 | 0 |
_aQue sais-je? _v2833 _9180931 |
| 852 | 4 |
_aES-MaACL _jE-12973 _9R.139169 _z. - Biblioteca Jacinto Martínez Lacalle |
|
| 999 |
_c172693 _d172693 |
||